00910 2200301 4500001002100000005001500021035002000036007000300056008004100059020002200100082001600122084001800138100002400156245007400180250003500254300004500289650002200334700003600356264004200392336002100434337003000455338002300485040002200508090002200530850001200552999002200564990002200586INLIS00000000089245920250120101332 a0010-0125000359ta250120s2024 yoia a ind d a978-623-164-977-504223a028.533 a028.533 ESY r0 aEsy, KakePengarang10aRide on! my first vehicle /cKak Esy; penyunting, Idha Nafiatul Aisyi aCetakan pertama: Februari 2024 a11 halaman :bilustrasi, gambar ;c18 cm 4aBacaan kanak-anak0 aIdha Nafiatul AisyiePenyunting31aBantul :bAnak Hebat Indonesia,c2024 2rdacontentateks 2rdamediaatanpa perantara 2rdacarrieravolume aYOPDYOGbinderda aCB-D.11 2024-4284 aYOPDYOG aCB-D.11/2024-4284 aCB-D.11/2024-4284